000 01054nam a2200277Ia 4500
003 OSt
005 20221005104940.0
006 a|||||r|||| 00| 0
007 ta
008 221004b |||||||| |||| 00| 0 hin d
020 _a9788185999722 (hbk)
_cIndian Rupees 295
024 _a41070
037 _bGift, 09/01/2019,
_cTextual
040 _aCRL
_cCRL
_bhin
041 _2hin
_ahin
082 _aO152:gN, P9
100 _aवाजपेयी, नंददुलारे, ले.
245 0 _aआधुनिक साहित्य
_b सृजन और समीक्षा
246 _aĀdhunik sāhitya: sṛujan aur samīkṣhā
260 _aदिल्ली
_bस्वराज प्रकाशन भारत
_c2009
300 _a156पृ0
_ccm.
650 _a हिन्दी आलोचना
650 _aहिन्दी साहित्य
942 _hO152:gN, P9
_cTEXL
_2cc
999 _c1014284
_d1014284